| 000 | 01065cam a2200337 a 4500 | ||
|---|---|---|---|
| 001 | 19038536 | ||
| 003 | OSt | ||
| 005 | 20230619145730.0 | ||
| 008 | 160401s2004 ke a b 000 0 eng | ||
| 010 | _a 2015333230 | ||
| 020 | _a9966702601 | ||
| 020 | _a9789966702609 | ||
| 040 |
_aDLC _cDLC |
||
| 042 |
_apcc _alcode |
||
| 043 | _af-ke--- | ||
| 082 |
_a305 _bSID |
||
| 245 | 0 | 0 |
_aPulling apart : _bfacts and figures on inequality in Kenya. |
| 260 |
_aNairobi, Kenya : _bSociety for International Development, _cc2004. |
||
| 300 |
_axiv, 70 p. : _bill. (some col.) ; _c26 cm. |
||
| 336 |
_atext _btxt _2rdacontent |
||
| 337 |
_aunmediated _bn _2rdamedia |
||
| 338 |
_avolume _bnc _2rdacarrier |
||
| 504 | _aIncludes bibliographical references (p. 70). | ||
| 650 | 0 |
_aPoverty _zKenya. |
|
| 650 | 0 |
_aEquality _zKenya. |
|
| 650 | 0 |
_aEconomic development _zKenya. |
|
| 710 | 2 | _aSociety for International Development. | |
| 906 |
_a7 _bcbc _corigres _d3 _encip _f20 _gy-gencatlg |
||
| 942 |
_2ddc _cBK |
||
| 999 |
_c1363 _d1363 |
||